Juan Pablo F. Richter dedicado a maestros y educadores / (Record no. 142375)

MARC details
000 -LEADER
campo de control de longitud fija 00606nam a2200193 i 4500
001 - NÚMERO DE CONTROL
campo de control 142375
003 - IDENTIFICADOR DE NÚMERO DE CONTROL
campo de control ES-MaACL
005 - FECHA Y HORA DE LA ÚLTIMA TRANSACCIÓN
campo de control 20251013213649.0
007 - CAMPO FIJO DE DESCRIPCIÓN FÍSICA--INFORMACIÓN GENERAL
campo de control de longitud fija t|
008 - DATOS DE LONGITUD FIJA--INFORMACIÓN GENERAL
campo de control de longitud fija 071004s1924 sp ||||1| spa d
100 1# - ENTRADA PRINCIPAL--NOMBRE DE PERSONA
Nombre de persona Wirth, Gustav.
9 (RLIN) 117135
245 10 - MENCIÓN DEL TÍTULO
Título Juan Pablo F. Richter dedicado a maestros y educadores /
Mención de responsabilidad, etc. por G. Wirth ; traducción del alemán por José Ontañón.
260 ## - PUBLICACIÓN, DISTRIBUCIÓN, ETC.
Lugar de publicación, distribución, etc. Madrid :
Nombre del editor, distribuidor, etc. La Lectura,
Fecha de publicación, distribución, etc. [1924?]
300 ## - DESCRIPCIÓN FÍSICA
Extensión 101 p. ;
Dimensiones 19 cm.
600 17 - PUNTO DE ACCESO ADICIONAL DE MATERIA--NOMBRE DE PERSONA
Nombre de persona Paul, Jean,
Fechas asociadas al nombre 1763-1825
Fuente del encabezamiento o término
9 (RLIN) 149234
700 1# - ENTRADA AGREGADA--NOMBRE PERSONAL
Nombre de persona Ontañón, José.
9 (RLIN) 87099
852 ## - LOCALIZACIÓN
Ubicación ES-MaACL
Número de control de estantería F-2327
Holdings
Estatus retirado Estado de pérdida Estado de daño No para préstamo Biblioteca de origen Biblioteca actual Ubicación en estantería Fecha de adquisición Fuente de adquisición Total de préstamos Signatura topográfica completa Código de barras Visto por última vez Precio de reemplazo Tipo de ítem Koha
        Biblioteca del Ateneo de Madrid Biblioteca del Ateneo de Madrid Depósito 2 17/01/2008     F-2327 1148140 23/02/2023 23/02/2023 Libro impreso